<?xml version="1.0" encoding="UTF-8"?><?xml-stylesheet type="text/xsl" href="static/style.xsl"?><OAI-PMH xmlns="http://www.openarchives.org/OAI/2.0/" xmlns:xsi="http://www.w3.org/2001/XMLSchema-instance" xsi:schemaLocation="http://www.openarchives.org/OAI/2.0/ http://www.openarchives.org/OAI/2.0/OAI-PMH.xsd"><responseDate>2026-04-30T10:43:38Z</responseDate><request verb="GetRecord" identifier="oai:repisalud.isciii.es:20.500.12105/23429" metadataPrefix="marc">https://repisalud.isciii.es/rest/oai/request</request><GetRecord><record><header><identifier>oai:repisalud.isciii.es:20.500.12105/23429</identifier><datestamp>2024-11-28T22:13:59Z</datestamp><setSpec>com_20.500.12105_15322</setSpec><setSpec>com_20.500.12105_2051</setSpec><setSpec>col_20.500.12105_16967</setSpec><setSpec>col_20.500.12105_16972</setSpec></header><metadata><record xmlns="http://www.loc.gov/MARC21/slim" xmlns:dcterms="http://purl.org/dc/terms/" xmlns:doc="http://www.lyncode.com/xoai" xmlns:xsi="http://www.w3.org/2001/XMLSchema-instance" xsi:schemaLocation="http://www.loc.gov/MARC21/slim http://www.loc.gov/standards/marcxml/schema/MARC21slim.xsd">
   <leader>00925njm 22002777a 4500</leader>
   <datafield ind2=" " ind1=" " tag="042">
      <subfield code="a">dc</subfield>
   </datafield>
   <datafield ind2=" " ind1=" " tag="720">
      <subfield code="a">Tavazzi, Guido</subfield>
      <subfield code="e">author</subfield>
   </datafield>
   <datafield ind2=" " ind1=" " tag="720">
      <subfield code="a">Rosselló, Xavier</subfield>
      <subfield code="e">author</subfield>
   </datafield>
   <datafield ind2=" " ind1=" " tag="720">
      <subfield code="a">Grand, Johannes</subfield>
      <subfield code="e">author</subfield>
   </datafield>
   <datafield ind2=" " ind1=" " tag="720">
      <subfield code="a">Gierlotka, Marek</subfield>
      <subfield code="e">author</subfield>
   </datafield>
   <datafield ind2=" " ind1=" " tag="720">
      <subfield code="a">Sionis, Alessandro</subfield>
      <subfield code="e">author</subfield>
   </datafield>
   <datafield ind2=" " ind1=" " tag="720">
      <subfield code="a">Ahrens, Ingo</subfield>
      <subfield code="e">author</subfield>
   </datafield>
   <datafield ind2=" " ind1=" " tag="720">
      <subfield code="a">Hassager, Christian</subfield>
      <subfield code="e">author</subfield>
   </datafield>
   <datafield ind2=" " ind1=" " tag="720">
      <subfield code="a">Price, Susanna</subfield>
      <subfield code="e">author</subfield>
   </datafield>
   <datafield ind2=" " ind1=" " tag="260">
      <subfield code="c">2022-09-29</subfield>
   </datafield>
   <datafield ind2=" " ind1=" " tag="520">
      <subfield code="a">Aims: Cardiogenic shock (CS) is a life-threatening condition burdened by mortality in up to 50% of cases. Few recommendations exist with intermediate-low level of evidence on CS management and no data on adherence across centres exist. We performed a survey to frame CS management at multinational level. Methods and results: An international cross-sectional survey was created and approved by European Society of Cardiology-Acute Cardiovascular Care Association board. A total of 337 responses from 60 countries were obtained. Data were assessed by the hospital level of care of the participants. The most common cause of CS was AMI (AMI-CS-79.9%) with significant difference according to hospital levels (P = 0.001), followed by acutely decompensated heart failure (HF) (13.4%), myocarditis (3.5%), and de novo HF (1.75%). In 37.8%, percutaneous coronary intervention (PCI) is performed to all CS-patients as a standard approach, whereas 42.1% used PCI if electrocardiogram suggestive of ischaemia and 20.1% only if Universal definition of myocardial infarction criteria are fulfilled. Management (catecholamine titration and mechanical circulatory support escalation) is driven by mean arterial pressure (87.1%), echocardiography (84.4%), and lactate levels (83.4%). Combination of vasopressor and inotrope is chosen with the same frequency (37.7%) than inotrope alone as first-line pharmacological therapy (differences amongst hospital levels; P > 0.5). Noradrenaline is first-line vasopressor (89.9%) followed by dopamine (8.5%), whereas dobutamine is confirmed as the first-line inotrope (65.9%). Conclusion: Cardiogenic shock management is heterogenous and often not adherent to current recommendations. Quality improvement on an international level with evidence-based quality indicators should be developed to standardize diagnostic and therapeutic pathways.</subfield>
   </datafield>
   <datafield ind1="8" ind2=" " tag="024">
      <subfield code="a">Tavazzi G, Rossello X, Grand J, Gierlotka M, Sionis A, Ahrens I, et al. Epidemiology, monitoring, and treatment strategy in cardiogenic shock. A multinational cross-sectional survey of ESC-acute cardiovascular care association research section. Eur Hear Journal Acute Cardiovasc Care. 2022 Sep 29;11(9):706-11.</subfield>
   </datafield>
   <datafield ind1="8" ind2=" " tag="024">
      <subfield code="a">10.1093/ehjacc/zuac087</subfield>
   </datafield>
   <datafield ind1="8" ind2=" " tag="024">
      <subfield code="a">2048-8734</subfield>
   </datafield>
   <datafield ind1="8" ind2=" " tag="024">
      <subfield code="a">European heart journal. Acute cardiovascular care</subfield>
   </datafield>
   <datafield ind1="8" ind2=" " tag="024">
      <subfield code="a">http://hdl.handle.net/20.500.13003/18600</subfield>
   </datafield>
   <datafield ind1="8" ind2=" " tag="024">
      <subfield code="a">35941730</subfield>
   </datafield>
   <datafield ind1="8" ind2=" " tag="024">
      <subfield code="a">L638690058</subfield>
   </datafield>
   <datafield ind1="8" ind2=" " tag="024">
      <subfield code="a">https://hdl.handle.net/20.500.12105/23429</subfield>
   </datafield>
   <datafield ind1="8" ind2=" " tag="024">
      <subfield code="a">837522700001</subfield>
   </datafield>
   <datafield ind2="0" ind1="0" tag="245">
      <subfield code="a">Epidemiology, monitoring, and treatment strategy in cardiogenic shock. A multinational cross-sectional survey of ESC-acute cardiovascular care association research section</subfield>
   </datafield>
</record></metadata></record></GetRecord></OAI-PMH>